000 00489nam a2200181Ia 4500
005 20250508151707.0
008 008 250505s9999 xx 000 0 eng d
037 _aTextual
040 _aFEDL
_beng
_cFEDL
041 _aeng
_2eng
084 _a372.83, LIT
_qFEDL
100 _aWilliams James V
_9759760
245 0 _aOur food
260 _aColumbus, USA
_bCharles E Merrill Book, Inc
_c1952
300 _a32p
942 _cTEXL
_h372.83, LIT
999 _c1331480
_d1331480